The Harvard Classics Volume 38 : (Record no. 235022)
[ view plain ]
| 000 -LEADER | |
|---|---|
| fixed length control field | 01449cam a22002773a 4500 |
| 001 - CONTROL NUMBER | |
| control field | 5694 |
| 003 - CONTROL NUMBER IDENTIFIER | |
| control field | PGUSA |
| 005 - DATE AND TIME OF LATEST TRANSACTION | |
| control field | 20140828083123.0 |
| 008 - FIXED-LENGTH DATA ELEMENTS--GENERAL INFORMATION | |
| fixed length control field | 040501s2004||||xxu|||||s|||||000 | eng d |
| 040 ## - CATALOGING SOURCE | |
| Original cataloging agency | PGUSA |
| Language of cataloging | eng |
| 042 ## - AUTHENTICATION CODE | |
| Authentication code | dc |
| 050 #4 - LIBRARY OF CONGRESS CALL NUMBER | |
| Classification number | Q |
| 245 14 - TITLE STATEMENT | |
| Title | The Harvard Classics Volume 38 : |
| Remainder of title | Scientific Papers (Physiology, Medicine, Surgery, Geology) |
| Medium | [electronic resource] / |
| Statement of responsibility, etc | Various |
| 260 ## - PUBLICATION, DISTRIBUTION, ETC. (IMPRINT) | |
| Name of publisher, distributor, etc | Project Gutenberg, |
| Date of publication, distribution, etc | 2004 |
| 505 0# - FORMATTED CONTENTS NOTE | |
| Formatted contents note | Journeys In Diverse Places, by Pare -- On The Motion Of The Heart And Blood In Animals, by Harvey -- The Three Original Publications On Vaccination Against Smallpox, by Jenner -- The Contagiousness Of Puerperal Fever, by Holmes -- On The Antiseptic Principle Of The Practice Of Surgery, by Lister -- The Physiological Theory Of Fermentation, by Pasteur -- The Germ Theory And Its Applications To Medicine And Surgery (Revised), by Pasteur -- On The Extension Of The Germ Theory To The Etiology Of Certain Common Diseases (Revised), by Pasteur -- Prejudices Which Have Retarded The Progress Of Geology, by Lyell -- Uniformity In The Series Of Past Changes In The Animate And Inanimate World, by Lyell. |
| 506 ## - RESTRICTIONS ON ACCESS NOTE | |
| Terms governing access | Public domain in the USA. |
| 516 ## - TYPE OF COMPUTER FILE OR DATA NOTE | |
| Type of computer file or data note | Electronic text |
| 653 ## - INDEX TERM--UNCONTROLLED | |
| Uncontrolled term | Surgery |
| 653 ## - INDEX TERM--UNCONTROLLED | |
| Uncontrolled term | Physiology |
| 653 ## - INDEX TERM--UNCONTROLLED | |
| Uncontrolled term | Science |
| 653 ## - INDEX TERM--UNCONTROLLED | |
| Uncontrolled term | Medicine |
| 653 ## - INDEX TERM--UNCONTROLLED | |
| Uncontrolled term | Geology |
| 830 #0 - SERIES ADDED ENTRY--UNIFORM TITLE | |
| Uniform title | Project Gutenberg |
| Volume number/sequential designation | 5694 |
| 856 40 - ELECTRONIC LOCATION AND ACCESS | |
| Uniform Resource Identifier | <a href="http://www.gutenberg.org/ebooks/5694">http://www.gutenberg.org/ebooks/5694</a> |
| 942 ## - ADDED ENTRY ELEMENTS (KOHA) | |
| Koha item type | eBooks |
| Withdrawn status | Lost status | Damaged status | Home library | Current library | Date acquired | Total Checkouts | Date last seen | Price effective from | Koha item type |
|---|---|---|---|---|---|---|---|---|---|
| Project Gutenberg | Project Gutenberg | 08/28/2014 | 08/28/2014 | 08/28/2014 | eBooks |